| Tag |
First Indicator |
Second Indicator |
Subfields |
| LEADER |
00000cam a2200000 i 4500 |
| 001 |
in00003274591 |
| 005 |
20210312124304.0 |
| 006 |
m o d f |
| 007 |
cr b|||||a|||| |
| 008 |
130605s2013 dcua ob f000 0 eng c |
| 035 |
|
|
|a (OCoLC)ocn846845758
|
| 042 |
|
|
|a pcc
|
| 043 |
|
|
|a n-us---
|
| 040 |
|
|
|a GPO
|b eng
|e rda
|c GPO
|d GPO
|d MvI
|
| 049 |
|
|
|a WWW
|
| 050 |
1 |
4 |
|a KF27
|b .A772 2012f
|
| 074 |
|
|
|a 1012-F (online)
|
| 086 |
0 |
|
|a Y 4.AR 5/2 A:2011-2012/150
|
| 088 |
|
|
|a H.A.S.C. no. 112-150
|
| 110 |
1 |
|
|a United States.
|b Congress.
|b House.
|b Committee on Armed Services.
|b Strategic Forces Subcommittee,
|e author.
|
| 245 |
1 |
0 |
|a Nonproliferation and disarmament :
|b what's the connection and what does that mean for U.S. security and Obama administration policy? : hearing before the Subcommittee on Strategic Forces of the Committee on Armed Services, House of Representatives, One Hundred Twelfth Congress, second session, hearing held August 1, 2012.
|
| 264 |
|
1 |
|a Washington :
|b U.S. Government Printing Office,
|c 2013.
|
| 300 |
|
|
|a 1 online resource (iv, 208 pages) :
|b illustrations
|
| 336 |
|
|
|a text
|b txt
|2 rdacontent
|
| 337 |
|
|
|a computer
|b c
|2 rdamedia
|
| 338 |
|
|
|a online resource
|b cr
|2 rdacarrier
|
| 500 |
|
|
|a Title from title screen (viewed on June 5, 2013).
|
| 500 |
|
|
|a Paper version available for sale by the Superintendent of Documents, U.S. Government Printing Office.
|
| 504 |
|
|
|a Includes bibliographical references.
|
| 500 |
|
|
|a "H.A.S.C. no. 112-150."
|
| 650 |
|
0 |
|a Nuclear nonproliferation
|x Government policy
|z United States.
|
| 650 |
|
0 |
|a Nuclear disarmament
|z United States.
|
| 650 |
|
0 |
|a Nuclear weapons
|x Government policy
|z United States.
|
| 650 |
|
0 |
|a National security
|z United States.
|
| 650 |
|
0 |
|a Deterrence (Strategy)
|
| 651 |
|
0 |
|a United States
|x Military policy.
|
| 776 |
0 |
8 |
|i Print version:
|a United States. Congress. House. Committee on Armed Services. Strategic Forces Subcommittee.
|t Nonproliferation and disarmament
|w (OCoLC)846847340
|
| 776 |
0 |
8 |
|i Microfiche version:
|a United States. Congress. House. Committee on Armed Services. Strategic Forces Subcommittee.
|t Nonproliferation and disarmament
|w (OCoLC)855421455
|
| 856 |
4 |
0 |
|u https://purl.fdlp.gov/GPO/gpo37186
|t 0
|
| 856 |
4 |
0 |
|u http://purl.fdlp.gov/GPO/gpo37186
|t 0
|
| 999 |
f |
f |
|s dcc50403-81d7-35de-ba37-995266d39cca
|i b3cac8d2-8e6b-3d13-b158-10018c461821
|t 0
|
| 952 |
f |
f |
|a Texas A&M University
|b College Station
|c Electronic Resources
|d Available Online
|t 0
|e Y 4.AR 5/2 A:2011-2012/150
|h Superintendent of Documents classification
|
| 998 |
f |
f |
|a Y 4.AR 5/2 A:2011-2012/150
|t 0
|l Available Online
|